[Event "XVII Trofeo Virgen de Valencia 2011"]
[Site "Renedo de Pielagos"]
[Date "2011.08.30"]
[Round "5.4"]
[White "Argandoña Riveiro, Iñigo"]
[Black "Guerra Bastida, Diego"]
[Result "1/2-1/2"]
[WhiteElo "2388"]
[BlackElo "2397"]
[PlyCount "66"]
[EventDate "2011.08.27"]

1. Nf3 Nf6 2. c4 c5 3. Nc3 Nc6 4. d4 cxd4 5. Nxd4 g6 6. e4 d6 7. Be2 Bg7 8. Be3
O-O 9. O-O Bd7 10. Qd2 Nxd4 11. Bxd4 Bc6 12. f3 a5 13. b3 Nd7 14. Be3 Nc5 15.
Rab1 Qb6 16. Rfc1 Rfc8 17. Rc2 Qd8 18. Bf1 Be5 19. Kh1 e6 20. Bg5 Qb6 21. Nd1
Qb4 22. Nf2 Qxd2 23. Rxd2 f6 24. Be3 h5 25. f4 Bc3 26. Rxd6 Nxe4 27. Nxe4 Bxe4
28. Bd3 Bxd3 29. Rxd3 Bb4 30. a4 Re8 31. Rd7 e5 32. fxe5 Rxe5 33. Bd4 Re7
1/2-1/2

[Event "XVII Trofeo Virgen de Valencia 2011"]
[Site "Renedo de Pielagos"]
[Date "2011.08.30"]
[Round "5.5"]
[White "Gonzalez Perez, Arian"]
[Black "Sadusea, Johnny"]
[Result "1-0"]
[WhiteElo "2490"]
[BlackElo "2132"]
[PlyCount "57"]
[EventDate "2011.08.27"]

1. d4 Nf6 2. c4 e6 3. Nf3 d5 4. Nc3 c6 5. e3 Nbd7 6. Qc2 Bd6 7. b3 O-O 8. Bb2
Re8 9. Be2 b6 10. O-O Bb7 11. Rfd1 Rc8 12. Bd3 Qe7 13. Rac1 h6 14. Qe2 dxc4 15.
Bxc4 e5 16. Nh4 Bb8 17. Ng6 Qd8 18. dxe5 Nd5 19. e4 Nxc3 20. Rxc3 Qc7 21. Rf3
Nf6 22. Rxf6 gxf6 23. Qg4 Rcd8 24. Ne7+ Kh8 25. Rxd8 Rxd8 26. Nf5 Rg8 27. Qh5
Rg6 28. Nxh6 Kg7 29. Nxf7 1-0

[Event "XVII Trofeo Virgen de Valencia 2011"]
[Site "Renedo de Pielagos"]
[Date "2011.08.30"]
[Round "5.6"]
[White "Nicolas Zapata, Irene"]
[Black "Vassallo Barroche, Mauricio"]
[Result "0-1"]
[WhiteElo "2117"]
[BlackElo "2416"]
[PlyCount "50"]
[EventDate "2011.08.27"]

1. d4 Nf6 2. Nf3 e6 3. e3 b6 4. Bd3 Bb7 5. O-O g6 6. c4 Bg7 7. b3 O-O 8. Bb2 d6
9. Nc3 Nbd7 10. Qe2 e5 11. d5 Nh5 12. b4 f5 13. Bc2 Qe7 14. Ba4 e4 15. Nd4 Bxd4
16. exd4 Nf4 17. Qe3 Nd3 18. Ba3 a5 19. bxa5 Rxa5 20. f3 Nf6 21. Rab1 Ba6 22.
fxe4 fxe4 23. Bb4 Rxa4 24. Nxa4 Bxc4 25. Nc3 Nxb4 0-1

[Event "XVII Trofeo Virgen de Valencia 2011"]
[Site "Renedo de Pielagos"]
[Date "2011.08.31"]
[Round "6.1"]
[White "Galego, Luis"]
[Black "Ivanov, Jordan"]
[Result "1/2-1/2"]
[WhiteElo "2474"]
[BlackElo "2398"]
[PlyCount "69"]
[EventDate "2011.08.27"]

1. e4 c5 2. Nf3 e6 3. g3 Nc6 4. Bg2 Nf6 5. d3 d5 6. exd5 exd5 7. O-O Be7 8. Bf4
O-O 9. Ne5 Nxe5 10. Bxe5 Ng4 11. Bf4 Bf6 12. Nc3 Be6 13. h3 Ne5 14. Re1 Nc6 15.
g4 Qd7 16. Qd2 Rad8 17. Kh2 Bh4 18. a3 Be7 19. Ne2 d4 20. Ng3 Bd6 21. Ne4 Bxf4+
22. Qxf4 b6 23. g5 Ne7 24. Nf6+ gxf6 25. gxf6 Qd6 26. Qxd6 Rxd6 27. fxe7 Re8
28. f4 f5 29. Re5 Rxe7 30. Rae1 Kf7 31. h4 Kf6 32. Bh3 Rg7 33. a4 a5 34. b3 Rg6
35. R1e2 1/2-1/2

[Event "XVII Trofeo Virgen de Valencia 2011"]
[Site "Renedo de Pielagos"]
[Date "2011.08.31"]
[Round "6.2"]
[White "Vassallo Barroche, Mauricio"]
[Black "Franco Ocampos, Zenon"]
[Result "1/2-1/2"]
[WhiteElo "2416"]
[BlackElo "2502"]
[PlyCount "22"]
[EventDate "2011.08.27"]

1. d4 d5 2. Nf3 Nf6 3. c4 c6 4. e3 Bg4 5. Qb3 Qc7 6. cxd5 Bxf3 7. gxf3 cxd5 8.
Bd2 Nc6 9. Bb5 e6 10. Bb4 Bd6 11. Qa3 O-O-O 1/2-1/2

[Event "XVII Trofeo Virgen de Valencia 2011"]
[Site "Renedo de Pielagos"]
[Date "2011.08.31"]
[Round "6.3"]
[White "Guerra Bastida, Diego"]
[Black "Gonzalez Perez, Arian"]
[Result "1/2-1/2"]
[WhiteElo "2397"]
[BlackElo "2490"]
[PlyCount "142"]
[EventDate "2011.08.27"]

1. c4 Nf6 2. Nc3 g6 3. g3 Bg7 4. Bg2 O-O 5. e4 d6 6. Nge2 c5 7. O-O Nc6 8. d3
a6 9. h3 Rb8 10. a4 Ne8 11. Be3 Nc7 12. d4 cxd4 13. Nxd4 Ne6 14. Nde2 Nc5 15.
Nf4 Na5 16. Qe2 Nab3 17. Rad1 Bd7 18. Nfd5 e6 19. Nf4 Bxa4 20. Nxa4 Nxa4 21.
Nd3 Qc7 22. Qc2 Nac5 23. f4 Bd4 24. Bxd4 Nxd4 25. Qf2 Ndb3 26. f5 Nxd3 27. Rxd3
Nc5 28. Rdd1 Nd7 29. Kh1 Ne5 30. Qf4 f6 31. h4 Rbe8 32. b3 Qb6 33. Bh3 Qxb3 34.
fxe6 Re7 35. Rxd6 Qxc4 36. Rd5 Qc8 37. Qh6 Qc3 38. Qf4 Kg7 39. Rd8 Nc6 40. Rd7
Qe5 41. Qxe5 fxe5 42. Rb1 Rb8 43. Rf1 Rxd7 44. exd7 a5 45. Be6 Rf8 46. Rb1 Kf6
47. Bd5 Nd8 48. Bxb7 Ke7 49. Bc8 Rf3 50. Rb5 Ke6 51. Rb6+ Ke7 52. Rb5 Kd6 53.
Rd5+ Ke6 54. Kg2 Ra3 55. Rd2 a4 56. Kf2 Rb3 57. Ba6 Rb4 58. Ra2 Rxe4 59. Bb5
Rd4 60. Rxa4 Rxa4 61. Bxa4 Ke7 62. g4 Ne6 63. g5 Nc5 64. Bc2 Nxd7 65. h5 gxh5
66. Bxh7 Nf8 67. Bf5 Ne6 68. Kg3 Kd6 69. Kh4 Ng7 70. Bg6 Ke7 71. Bxh5 Ne6
1/2-1/2

[Event "XVII Trofeo Virgen de Valencia 2011"]
[Site "Renedo de Pielagos"]
[Date "2011.08.31"]
[Round "6.4"]
[White "Argandoña Riveiro, Iñigo"]
[Black "Martinez Duanny, Lelys Stanley"]
[Result "1/2-1/2"]
[WhiteElo "2388"]
[BlackElo "2455"]
[PlyCount "49"]
[EventDate "2011.08.27"]

1. Nf3 Nf6 2. c4 g6 3. Nc3 Bg7 4. e4 d6 5. d4 O-O 6. Be3 Nbd7 7. Nd2 e5 8. d5
h5 9. h3 Nh7 10. g4 h4 11. Rg1 Bf6 12. Nf3 Bg5 13. Nxg5 Nxg5 14. Bg2 f6 15. b4
a5 16. a3 b6 17. Kd2 Ba6 18. Qb3 Kg7 19. Kc2 Qe7 20. Kb2 Rfc8 21. Raf1 Nf7 22.
Bf3 Ng5 23. Bg2 Rcb8 24. Nb5 Rc8 25. Nc3 1/2-1/2

[Event "XVII Trofeo Virgen de Valencia 2011"]
[Site "Renedo de Pielagos"]
[Date "2011.08.31"]
[Round "6.5"]
[White "Bolado Saez, Sergio"]
[Black "Gomez Ledo, Roberto Carlos"]
[Result "1/2-1/2"]
[WhiteElo "2354"]
[BlackElo "2428"]
[PlyCount "37"]
[EventDate "2011.08.27"]

1. d4 e6 2. c4 f5 3. Nc3 Nf6 4. Nf3 Bb4 5. Bd2 O-O 6. e3 b6 7. a3 Bxc3 8. Bxc3
Ne4 9. Qc2 Bb7 10. Rd1 d6 11. b4 Nxc3 12. Qxc3 Nd7 13. Be2 Nf6 14. O-O Ne4 15.
Qc2 Ng5 16. Ne1 f4 17. d5 Qe7 18. h4 Nf7 19. dxe6 1/2-1/2

[Event "XVII Trofeo Virgen de Valencia 2011"]
[Site "Renedo de Pielagos"]
[Date "2011.08.31"]
[Round "6.6"]
[White "Teske, Henrik"]
[Black "Martin Alvarez, Iñigo"]
[Result "1-0"]
[WhiteElo "2529"]
[BlackElo "2315"]
[PlyCount "41"]
[EventDate "2011.08.27"]

1. Nf3 d5 2. d4 Nf6 3. c4 c6 4. Nc3 a6 5. h3 b5 6. cxd5 cxd5 7. Bf4 e6 8. Rc1
Bd6 9. Bxd6 Qxd6 10. Nxd5 O-O 11. Nxf6+ gxf6 12. e3 Bb7 13. Be2 Nd7 14. Nd2 Kh8
15. O-O Rg8 16. Bf3 Bxf3 17. Qxf3 Rac8 18. a3 f5 19. Qb7 Rxc1 20. Rxc1 Ne5 21.
Rc7 1-0

[Event "XVII Trofeo Virgen de Valencia 2011"]
[Site "Renedo de Pielagos"]
[Date "2011.09.01"]
[Round "7.1"]
[White "Ivanov, Jordan"]
[Black "Korneev, Oleg"]
[Result "0-1"]
[WhiteElo "2398"]
[BlackElo "2588"]
[PlyCount "48"]
[EventDate "2011.08.27"]

1. Nf3 d5 2. d4 Nf6 3. c4 e6 4. Nc3 c6 5. cxd5 exd5 6. Bg5 Be7 7. Qc2 g6 8. e4
dxe4 9. Bxf6 Bxf6 10. Qxe4+ Kf8 11. Bc4 Bf5 12. Qf4 Qe7+ 13. Be2 h5 14. O-O Kg7
15. a3 Rd8 16. Rad1 Nd7 17. Rfe1 Nf8 18. Bc4 Qd6 19. Qc1 Re8 20. Ne5 Bxe5 21.
dxe5 Qc5 22. Qf4 Ne6 23. Bxe6 Rxe6 24. Rd6 Qxd6 0-1

[Event "XVII Trofeo Virgen de Valencia 2011"]
[Site "Renedo de Pielagos"]
[Date "2011.09.01"]
[Round "7.2"]
[White "Navarrete Espi, Samuel"]
[Black "Teske, Henrik"]
[Result "0-1"]
[WhiteElo "2169"]
[BlackElo "2529"]
[PlyCount "64"]
[EventDate "2011.08.27"]

1. e4 e6 2. d4 d5 3. Nc3 Bb4 4. e5 c5 5. a3 Ba5 6. b4 cxd4 7. bxa5 dxc3 8. Qg4
Kf8 9. Nf3 Nc6 10. Bd3 f5 11. exf6 Nxf6 12. Qf4 e5 13. Nxe5 Qe7 14. O-O Nxe5
15. a4 Nxd3 16. cxd3 Kg8 17. Ba3 Qf7 18. Rfe1 Be6 19. Qd6 Re8 20. Re5 Qd7 21.
Qb4 h6 22. Rae1 d4 23. Qc5 Qxa4 24. h3 Nd7 25. Rxe6 Nxc5 26. Rxe8+ Kh7 27.
Rxh8+ Kxh8 28. Bxc5 Qxa5 29. Bxd4 c2 30. Rc1 Qd2 31. Be3 Qd1+ 32. Kh2 b5 0-1

[Event "XVII Trofeo Virgen de Valencia 2011"]
[Site "Renedo de Pielagos"]
[Date "2011.09.01"]
[Round "7.3"]
[White "Franco Ocampos, Zenon"]
[Black "Guerra Bastida, Diego"]
[Result "1/2-1/2"]
[WhiteElo "2502"]
[BlackElo "2397"]
[PlyCount "27"]
[EventDate "2011.08.27"]

1. Nf3 Nf6 2. d4 g6 3. c4 Bg7 4. Nc3 O-O 5. e4 d6 6. Be2 Na6 7. O-O e5 8. Re1
c6 9. Bf1 exd4 10. Nxd4 Ng4 11. h3 Qb6 12. hxg4 Qxd4 13. Qxd4 Bxd4 14. g5
1/2-1/2

[Event "XVII Trofeo Virgen de Valencia 2011"]
[Site "Renedo de Pielagos"]
[Date "2011.09.01"]
[Round "7.4"]
[White "Gonzalez Perez, Arian"]
[Black "Bolado Saez, Sergio"]
[Result "1-0"]
[WhiteElo "2490"]
[BlackElo "2354"]
[PlyCount "87"]
[EventDate "2011.08.27"]

1. d4 Nf6 2. c4 e6 3. Nf3 Bb4+ 4. Nbd2 c5 5. a3 Bxd2+ 6. Bxd2 cxd4 7. Nxd4 Ne4
8. Be3 O-O 9. g3 b6 10. Bg2 Bb7 11. O-O d5 12. Qc2 Na6 13. cxd5 Qxd5 14. Rad1
Rac8 15. Qb1 Nac5 16. Nb5 Qb3 17. Nxa7 Rc7 18. Bxc5 Nxc5 19. Bxb7 Nxb7 20. Rd4
e5 21. Rb4 Qe6 22. Nb5 Rc6 23. Rd1 f5 24. Qd3 Rd8 25. Qb3 Rxd1+ 26. Qxd1 Kh8
27. Nc3 h6 28. Qd5 Qf6 29. Rb5 Nc5 30. a4 Rd6 31. Qa8+ Rd8 32. Qa7 Ne4 33. Qxb6
Rd6 34. Nxe4 fxe4 35. Qe3 Rd4 36. Qb3 Qc6 37. Rb8+ Kh7 38. a5 Rc4 39. Rb6 Qd5
40. a6 e3 41. Qxe3 Rd4 42. Qf3 e4 43. Qe3 Ra4 44. Kg2 1-0

[Event "XVII Trofeo Virgen de Valencia 2011"]
[Site "Renedo de Pielagos"]
[Date "2011.09.01"]
[Round "7.5"]
[White "Tejedor Fuentes, Enrique"]
[Black "Galego, Luis"]
[Result "0-1"]
[WhiteElo "2164"]
[BlackElo "2474"]
[PlyCount "120"]
[EventDate "2011.08.27"]

1. e4 d5 2. Nc3 d4 3. Nce2 e5 4. Ng3 Nf6 5. Bc4 Bd6 6. d3 h5 7. h4 Ng4 8. Nf3
f6 9. Nh2 Nxh2 10. Rxh2 Bg4 11. f3 Bd7 12. Bd2 Nc6 13. a3 Qe7 14. Qe2 g6 15. b4
Nd8 16. c3 dxc3 17. Bxc3 Ne6 18. Nf1 Nd4 19. Qb2 c6 20. Ne3 b5 21. Bb3 Kf8 22.
Bd1 Kg7 23. Rh1 Ne6 24. Kf2 Bc7 25. g3 Bb6 26. Re1 Rhd8 27. Be2 Nd4 28. Bf1 Be6
29. Rac1 Qd7 30. Rcd1 Kh7 31. Bg2 Rac8 32. Kg1 c5 33. bxc5 Bxc5 34. Kh2 a6 35.
Ba5 Rg8 36. Bb4 Ba7 37. Rf1 Nc6 38. Qd2 a5 39. Bc3 b4 40. axb4 axb4 41. Bb2
Bxe3 42. Qxe3 Nd4 43. Rc1 b3 44. f4 Nc2 45. Qb6 Rb8 46. Qf2 Nb4 47. Rfd1 Rgc8
48. Rxc8 Rxc8 49. fxe5 Rc2 50. Rd2 Nxd3 51. Qe3 Rxd2 52. Qxd2 Nxe5 53. Qf4 Ng4+
54. Kg1 Qd1+ 55. Bf1 Qc2 56. Bg2 Qxb2 57. Qc7+ Kh6 58. Qf4+ Kg7 59. Qc7+ Bf7
60. Qc5 Qc2 0-1

[Event "XVII Trofeo Virgen de Valencia 2011"]
[Site "Renedo de Pielagos"]
[Date "2011.09.01"]
[Round "7.6"]
[White "Martinez Duanny, Lelys Stanley"]
[Black "Martin Fuentes, Alberto"]
[Result "1/2-1/2"]
[WhiteElo "2455"]
[BlackElo "2332"]
[PlyCount "127"]
[EventDate "2011.08.27"]

1. e4 e6 2. d4 d5 3. Nc3 Bb4 4. e5 c5 5. Bd2 Nc6 6. Nb5 Bxd2+ 7. Qxd2 Nxd4 8.
Nxd4 cxd4 9. Qxd4 Qa5+ 10. c3 Ne7 11. Nf3 Bd7 12. Bd3 Rc8 13. a4 Qb6 14. Qxb6
axb6 15. Kd2 Ra8 16. b3 O-O 17. Rhe1 Nc6 18. Bb5 Nb8 19. Bd3 Nc6 20. b4 f6 21.
Bb5 Rfd8 22. Bxc6 bxc6 23. a5 bxa5 24. Rxa5 Rxa5 25. bxa5 Ra8 26. Ra1 c5 27. a6
Ra7 28. Ra5 Kf7 29. Ne1 Bc8 30. Rxc5 Bxa6 31. Ra5 Ra8 32. Ke3 fxe5 33. Nd3 d4+
34. cxd4 exd4+ 35. Kf4 Bb7 36. Rc5 Bxg2 37. Ke5 Ra7 38. Nf4 Bd5 39. Nxd5 exd5
40. Rxd5 Ra2 41. Rxd4 Rxf2 42. Rh4 h6 43. Ke4 Kg6 44. Ke3 Rf7 45. Ra4 Kh5 46.
Ke2 Kg5 47. Ke3 Rf1 48. Ra7 g6 49. Ra2 Kh4 50. Ra6 Kh5 51. Ra2 g5 52. Rf2 Rxf2
53. Kxf2 Kh4 54. Kg1 Kg4 55. Kg2 Kf4 56. Kf2 h5 57. Ke2 Ke4 58. Kf2 Kf4 59. Ke2
Kg4 60. Kf2 Kh4 61. Kg2 g4 62. Kg1 Kg5 63. Kf2 h4 64. h3 1/2-1/2

[Event "XVII Trofeo Virgen de Valencia 2011"]
[Site "Renedo de Pielagos"]
[Date "2011.09.02"]
[Round "8.1"]
[White "Korneev, Oleg"]
[Black "Gonzalez Perez, Arian"]
[Result "1/2-1/2"]
[WhiteElo "2588"]
[BlackElo "2490"]
[PlyCount "32"]
[EventDate "2011.08.27"]

1. e4 c5 2. Nf3 Nc6 3. Bb5 d6 4. O-O Bd7 5. Re1 Nf6 6. h3 Ne5 7. a4 Nxf3+ 8.
Qxf3 a6 9. Bxd7+ Nxd7 10. b3 Ne5 11. Qg3 g6 12. Bb2 Bg7 13. Na3 Nf3+ 14. Qxf3
Bxb2 15. Ra2 Bg7 16. Nc4 b5 1/2-1/2

[Event "XVII Trofeo Virgen de Valencia 2011"]
[Site "Renedo de Pielagos"]
[Date "2011.09.02"]
[Round "8.2"]
[White "Galego, Luis"]
[Black "Teske, Henrik"]
[Result "1/2-1/2"]
[WhiteElo "2474"]
[BlackElo "2529"]
[PlyCount "61"]
[EventDate "2011.08.27"]

1. e4 e6 2. d4 d5 3. exd5 exd5 4. Nf3 Nf6 5. h3 Nc6 6. Bb5 Bd6 7. O-O O-O 8. c4
dxc4 9. Bxc4 Bf5 10. Nc3 h6 11. Be3 Ne4 12. Re1 Nxc3 13. bxc3 Qf6 14. Nd2 Bg6
15. Bd5 Rfe8 16. Qg4 Qf5 17. Qxf5 Bxf5 18. Nc4 Rad8 19. Nxd6 cxd6 20. Bf4 Be6
21. Bf3 d5 22. a4 b6 23. Be2 Na5 24. Bb5 Bd7 25. Kf1 Bxb5+ 26. axb5 Kf8 27.
Rxe8+ Kxe8 28. Ke2 Kd7 29. Kd3 Re8 30. g4 Kc8 31. Be5 1/2-1/2

[Event "XVII Trofeo Virgen de Valencia 2011"]
[Site "Renedo de Pielagos"]
[Date "2011.09.02"]
[Round "8.3"]
[White "Martin Fuentes, Alberto"]
[Black "Franco Ocampos, Zenon"]
[Result "0-1"]
[WhiteElo "2332"]
[BlackElo "2502"]
[PlyCount "51"]
[EventDate "2011.08.27"]

1. e4 c5 2. d3 d5 3. Nd2 Nc6 4. g3 e5 5. Bg2 Nf6 6. Ngf3 Bg4 7. exd5 Nxd5 8.
O-O Qd7 9. Qe1 f6 10. a3 Be7 11. Nc4 O-O 12. Ne3 Nxe3 13. Bxe3 Rac8 14. Nd2 Nd4
15. Bxd4 cxd4 16. Rc1 Rc7 17. f3 Be6 18. f4 exf4 19. Rxf4 Rfc8 20. Re4 Bf5 21.
Qe2 Bxe4 22. Nxe4 f5 23. Bh3 Qd5 24. c4 dxc3 25. bxc3 fxe4 26. Bxc8 0-1

[Event "XVII Trofeo Virgen de Valencia 2011"]
[Site "Renedo de Pielagos"]
[Date "2011.09.02"]
[Round "8.4"]
[White "Astasio Lopez, David"]
[Black "Martinez Duanny, Lelys Stanley"]
[Result "0-1"]
[WhiteElo "2357"]
[BlackElo "2455"]
[PlyCount "30"]
[EventDate "2011.08.27"]

1. d4 Nf6 2. Nf3 g6 3. Nbd2 Bg7 4. e4 d6 5. Bc4 O-O 6. O-O Nc6 7. Re1 e5 8.
dxe5 Nxe5 9. Nxe5 dxe5 10. c3 b6 11. Qb3 Bb7 12. f3 Nd7 13. Nf1 Nc5 14. Qc2 a5
15. Ne3 Qe7 {(Ilegible)} 0-1

[Event "XVII Trofeo Virgen de Valencia 2011"]
[Site "Renedo de Pielagos"]
[Date "2011.09.02"]
[Round "8.5"]
[White "Ruiz Marana, Alejandro"]
[Black "Gomez Ledo, Roberto Carlos"]
[Result "1/2-1/2"]
[WhiteElo "2198"]
[BlackElo "2428"]
[PlyCount "67"]
[EventDate "2011.08.27"]

1. d4 d5 2. Nf3 Nf6 3. Bf4 e6 4. e3 c5 5. c3 Nc6 6. Nbd2 Bd6 7. Ne5 Qc7 8. Bb5
O-O 9. Bxc6 bxc6 10. Qa4 Nh5 11. Bg3 f6 12. Nd3 Nxg3 13. hxg3 c4 14. Nc5 e5 15.
O-O e4 16. b3 cxb3 17. axb3 f5 18. c4 Bxc5 19. dxc5 Be6 20. Rfd1 g5 21. cxd5
cxd5 22. Qd4 a5 23. Ra3 Rab8 24. Rc1 Rb4 25. Qc3 Rb5 26. c6 Qg7 27. Qc2 Rc8 28.
Qa2 Qc7 29. Qa1 Qg7 30. Rxa5 Qxa1 31. Rcxa1 Rb6 32. c7 Kf7 33. Rc5 Ke7 34. f3
1/2-1/2

[Event "XVII Trofeo Virgen de Valencia 2011"]
[Site "Renedo de Pielagos"]
[Date "2011.09.02"]
[Round "8.6"]
[White "Vassallo Barroche, Mauricio"]
[Black "Mate Adan, Carlos"]
[Result "1/2-1/2"]
[WhiteElo "2416"]
[BlackElo "2260"]
[PlyCount "69"]
[EventDate "2011.08.27"]

1. d4 c5 2. d5 d6 3. e4 Nf6 4. Nc3 g6 5. Nf3 Bg7 6. Bb5+ Nbd7 7. a4 O-O 8. O-O
a6 9. Be2 b6 10. h3 Bb7 11. Bf4 Ne8 12. Qd2 Nc7 13. Bh6 Nf6 14. Bxg7 Kxg7 15.
Rfe1 Qd7 16. Nh2 e6 17. Ng4 Nxg4 18. hxg4 b5 19. Bf3 b4 20. Nd1 exd5 21. exd5
Rae8 22. Ne3 h6 23. Nc4 Rxe1+ 24. Rxe1 Re8 25. Rxe8 Nxe8 26. b3 Qe7 27. g3 Qf6
28. Kg2 Nc7 29. Na5 Ba8 30. Nc4 Bb7 31. Na5 Ba8 32. Nc4 Bb7 33. Qd3 Kf8 34. Qd2
Kg7 35. Na5 1/2-1/2

[Event "XVII Trofeo Virgen de Valencia 2011"]
[Site "Renedo de Pielagos"]
[Date "2011.09.03"]
[Round "9.1"]
[White "Martinez Duanny, Lelys Stanley"]
[Black "Korneev, Oleg"]
[Result "1/2-1/2"]
[WhiteElo "2455"]
[BlackElo "2588"]
[PlyCount "26"]
[EventDate "2011.08.27"]

1. e4 c5 2. Nf3 d6 3. d4 cxd4 4. Nxd4 Nf6 5. Nc3 Nc6 6. Be2 e5 7. Nb3 Be7 8.
O-O O-O 9. Bf3 a5 10. a4 Be6 11. Nd5 Bxd5 12. exd5 Nb4 13. c3 Na6 {(Ilegible)}
1/2-1/2

[Event "XVII Trofeo Virgen de Valencia 2011"]
[Site "Renedo de Pielagos"]
[Date "2011.09.03"]
[Round "9.2"]
[White "Teske, Henrik"]
[Black "Gonzalez Perez, Arian"]
[Result "1/2-1/2"]
[WhiteElo "2529"]
[BlackElo "2490"]
[PlyCount "35"]
[EventDate "2011.08.27"]

1. Nf3 Nf6 2. d4 g6 3. Nc3 Bg7 4. e4 d6 5. Be3 O-O 6. Qd2 c6 7. Bh6 b5 8. Bxg7
Kxg7 9. Bd3 Bg4 10. Ng5 e5 11. dxe5 dxe5 12. f4 h6 13. fxe5 Nfd7 14. Nf3 Bxf3
15. gxf3 Nxe5 16. O-O Qg5+ 17. Qg2 Qxg2+ 18. Kxg2 1/2-1/2

[Event "XVII Trofeo Virgen de Valencia 2011"]
[Site "Renedo de Pielagos"]
[Date "2011.09.03"]
[Round "9.4"]
[White "Ivanov, Jordan"]
[Black "Guerra Bastida, Diego"]
[Result "1-0"]
[WhiteElo "2398"]
[BlackElo "2397"]
[PlyCount "55"]
[EventDate "2011.08.27"]

1. d4 Nf6 2. c4 c5 3. d5 d6 4. Nc3 g6 5. e4 Bg7 6. h3 O-O 7. Bd3 e6 8. Nf3 exd5
9. cxd5 Bd7 10. O-O b5 11. a3 Re8 12. Re1 c4 13. Bc2 Na6 14. Bf4 Qb6 15. e5
dxe5 16. Nxe5 Nc5 17. Qf3 a5 18. d6 Be6 19. Rad1 Nfd7 20. Nxd7 Nxd7 21. Be4
Rad8 22. Nd5 Qc5 23. Ne7+ Kh8 24. Be3 Qh5 25. Qxh5 gxh5 26. Bd2 Bxb2 27. Bxa5
Bxa3 28. Bc3+ 1-0

[Event "XVII Trofeo Virgen de Valencia 2011"]
[Site "Renedo de Pielagos"]
[Date "2011.09.03"]
[Round "9.5"]
[White "Gomez Ledo, Roberto Carlos"]
[Black "Vassallo Barroche, Mauricio"]
[Result "1-0"]
[WhiteElo "2428"]
[BlackElo "2416"]
[PlyCount "73"]
[EventDate "2011.08.27"]

1. d4 Nf6 2. c4 e6 3. Nf3 b6 4. g3 Bb7 5. Bg2 Bb4+ 6. Bd2 a5 7. O-O O-O 8. Qc2
Be4 9. Qb3 Nc6 10. Bxb4 Nxb4 11. Nbd2 Bb7 12. a3 Na6 13. Ne1 Bxg2 14. Nxg2 d6
15. Rfd1 c5 16. Nf3 Qc7 17. Ne3 Rfd8 18. d5 e5 19. Nd2 Nb8 20. Nb1 Nbd7 21. Nc3
Ne8 22. Nb5 Qb7 23. Nf5 Nf8 24. e4 g6 25. Ne3 Qe7 26. Qd3 Nf6 27. Rf1 N8d7 28.
Rae1 Rf8 29. f3 Nh5 30. Rf2 Ndf6 31. Qf1 Ng7 32. Qh3 Rad8 33. Qh4 Rfe8 34. Ng4
Nxg4 35. Qxe7 Rxe7 36. fxg4 Ne8 37. g5 1-0

[Event "XVII Trofeo Virgen de Valencia 2011"]
[Site "Renedo de Pielagos"]
[Date "2011.09.03"]
[Round "9.6"]
[White "Argandoña Riveiro, Iñigo"]
[Black "Gonzalez Laso, Adrian"]
[Result "1-0"]
[WhiteElo "2388"]
[BlackElo "2060"]
[PlyCount "57"]
[EventDate "2011.08.27"]

1. Nf3 g6 2. c4 Bg7 3. e4 d6 4. d4 Nf6 5. Nc3 O-O 6. Be3 e5 7. dxe5 dxe5 8.
Qxd8 Rxd8 9. Nd5 Nxd5 10. cxd5 c6 11. Bc4 cxd5 12. Bxd5 Nd7 13. O-O-O Rf8 14.
Bb3 b6 15. Nd2 Ba6 16. Nb1 Rac8+ 17. Nc3 Nc5 18. Bxc5 Rxc5 19. Rd7 Ra5 20. Rhd1
Bc8 21. Rxf7 Rxf7 22. Rd8+ Bf8 23. Rxc8 Kg7 24. Bxf7 Kxf7 25. Rc7+ Ke6 26. Rxh7
Bc5 27. f3 Bd4 28. Kb1 b5 29. Nd5 1-0

[Event "XVII Trofeo Virgen de Valencia 2011"]
[Site "?"]
[Date "2011.09.05"]
[Round "6"]
[White "Limeres Guiance, Cristobal"]
[Black "Sanchez Ruesga, Hector"]
[Result "1-0"]
[WhiteElo "2248"]
[BlackElo "1883"]
[PlyCount "100"]
[EventDate "2011.09.04"]
[SourceDate "2011.09.05"]

1. d4 Nf6 2. c4 g6 3. g3 Bg7 4. Bg2 O-O 5. Nc3 d6 6. e4 e5 7. d5 Nbd7 8. Nge2
a5 9. O-O Nc5 10. f3 Ne8 11. Be3 b6 12. a3 f5 13. b4 Nd7 14. Qd2 Ba6 15. Nb5
axb4 16. axb4 Ndf6 17. Nec3 Nh5 18. Ra2 f4 19. Bf2 fxg3 20. hxg3 Bb7 21. Na7
Qf6 22. Kh2 g5 23. Be3 Qg6 24. Bh3 Bf6 25. Be6+ Kh8 26. Bf5 Qg7 27. Ne2 Qe7 28.
Bg4 Nhg7 29. Kg2 Kg8 30. Rh1 Qf7 31. Rh6 Be7 32. Bxg5 Nf6 33. Bxf6 Bxf6 34. Qc1
Bc8 35. Ng1 Bxg4 36. fxg4 c5 37. Rf2 Rxa7 38. Rhxf6 Qxf6 39. Rxf6 Rxf6 40. Qb1
cxb4 41. g5 Rff7 42. Qxb4 Ra2+ 43. Kh3 Ne8 44. Qxb6 Raf2 45. Qb5 Kf8 46. Kg4
Rg2 47. Nf3 Re2 48. Qb1 h5+ 49. gxh6 Rxe4+ 50. Kh3 Rxc4 1-0

[Event "XVII Trofeo Virgen de Valencia 2011"]
[Site "?"]
[Date "2011.09.05"]
[Round "1.35"]
[White "Gomez Casares, Gonzalo"]
[Black "Llano Olabarrieta, Joseba"]
[Result "1-0"]
[WhiteElo "1939"]
[BlackElo "1683"]
[PlyCount "49"]
[EventDate "2011.09.04"]
[SourceDate "2011.09.05"]

1. e4 c5 2. Nf3 e6 3. d4 cxd4 4. Nxd4 a6 5. a4 Nf6 6. Bd3 Qc7 7. O-O Be7 8. Nc3
b6 9. Qe2 d6 10. f4 Nbd7 11. g4 Nc5 12. g5 Nfd7 13. Be3 Bb7 14. Rac1 Rc8 15. b4
Nxd3 16. cxd3 Qb8 17. Qh5 g6 18. Qh6 Bf8 19. Qh3 e5 20. Nde2 Bg7 21. f5 Qa8 22.
Qf3 gxf5 23. Qxf5 f6 24. Qe6+ Kd8 25. gxf6 1-0

[Event "XVII Trofeo Virgen de Valencia 2011"]
[Site "?"]
[Date "2011.09.05"]
[Round "4.8"]
[White "Nicolas Zapata, Javier"]
[Black "Rivas Pastor, Manuel"]
[Result "1/2-1/2"]
[WhiteElo "1982"]
[BlackElo "2541"]
[PlyCount "42"]
[EventDate "2011.09.04"]
[SourceDate "2011.09.05"]

1. e4 c6 2. d4 d5 3. Nc3 dxe4 4. Nxe4 Nf6 5. Nxf6+ gxf6 6. Nf3 Bg4 7. c3 Nd7 8.
g3 e5 9. h3 Bxf3 10. Qxf3 exd4 11. Qe4+ Qe7 12. Qxe7+ Bxe7 13. cxd4 Bb4+ 14.
Kd1 O-O-O 15. Ke2 Nb6 16. a3 Bd6 17. b3 Be7 18. Bb2 h5 19. h4 Nd5 20. Bh3+ Kb8
21. Rhe1 Rhe8 {(Ilegible)} 1/2-1/2

[Event "XVII Trofeo Virgen de Valencia 2011"]
[Site "?"]
[Date "2011.09.05"]
[Round "1.14"]
[White "Lomas Romero, Beñat"]
[Black "Mate Adan, Carlos"]
[Result "0-1"]
[WhiteElo "1720"]
[BlackElo "2260"]
[PlyCount "162"]
[EventDate "2011.09.04"]
[SourceDate "2011.09.05"]

1. e4 e6 2. b3 c5 3. Bb2 Nc6 4. Nf3 Nf6 5. Nc3 d6 6. Be2 Be7 7. O-O Nd4 8. Re1
Nxe2+ 9. Qxe2 O-O 10. d4 cxd4 11. Nxd4 a6 12. Nb1 Qc7 13. c4 b6 14. Nc3 Bb7 15.
Rad1 Rfe8 16. f4 Qc5 17. Kh1 Qh5 18. Qxh5 Nxh5 19. g3 Nf6 20. Kg1 Bf8 21. h3 e5
22. fxe5 dxe5 23. Nf5 Bc5+ 24. Kh2 Rad8 25. Nd5 Nxd5 26. cxd5 f6 27. g4 Rc8 28.
Rc1 g6 29. Ng3 Kf7 30. Kg2 Bb4 31. Red1 b5 32. Kf3 Ke7 33. a3 Bd6 34. Rxc8 Rxc8
35. Rc1 Rf8 36. b4 Ra8 37. Bc3 Kd7 38. Ke3 a5 39. Kd2 axb4 40. axb4 Ra4 41. Rb1
Ra2+ 42. Rb2 Rxb2+ 43. Bxb2 Bxb4+ 44. Bc3 Bd6 45. Kc2 Bc5 46. Be1 Kd6 47. Kb3
Kd7 48. Kc2 Be3 49. Kb3 Bc5 50. Bb4 Bf2 51. Nh1 Bh4 52. Kc2 f5 53. Kd3 fxg4 54.
hxg4 Bc8 55. Ke2 h6 56. Kf3 Be7 57. Bc3 Bd6 58. Nf2 b4 59. Bb2 Ba6 60. g5 h5
61. Nd1 Kc7 62. Ke3 Kb6 63. Kd2 Kb5 64. Ne3 Bc8 65. Ng2 Kc4 66. Nh4 Be7 67.
Nxg6 Bxg5+ 68. Kc2 b3+ 69. Kd1 Kd3 70. Nxe5+ Kxe4 71. d6 Bg4+ 72. Ke1 Kd5 73.
Nxg4 hxg4 74. Ba3 Ke4 75. Kf2 Bh4+ 76. Kg2 Kf5 77. Kh2 Ke6 78. Kg2 Be1 79. Kh2
Bb4 80. Bb2 Bxd6+ 81. Kg2 Be5 0-1